000 00382nam a22001457a 4500
005 20200610100259.0
008 200610b xxu||||| |||| 00| 0 eng d
082 _a345.4, AIR
110 _aALL INDIA REPORTER,
_95891
245 _aALL INDIA REPORTER, 1960 (VOL-47) MYSORE SECTION
260 _bALL INDIA REPORTER, PVT.LTD.
300 _a592;p
650 _aLAW
_95701
942 _cJRL
999 _c6953
_d6951